• 首页
  • 本馆介绍
  • 公告通知
  • 最新文献
  • 馆藏检索
  • 电子资源
  • 读者导购
  • 参考咨询
  • 我的图书馆
  • 登录
  • 详细信息显示
  • 放入我的书架
  • 预约/预借图书
  • 作者相关作品
  • 分类相关作品
  • 丛书相关作品
  • 出版社相关作品

书目信息

  • 表格格式
  • 工作单格式
  • 卡片格式
题名:
音乐治疗
    
 
作者: 德克尔-福格特 , 欧伯格斯巴赫 , 蒂默曼 著 ;彭小贞 译
分册:  
出版信息: 北京   商务印书馆  2017.01
页数: 424页
开本: 21cm
丛书名:
单 册:
中图分类: R454.3
科图分类:
主题词: 音乐疗法--yin yue liao fa
电子资源:
ISBN: 978-7-100-12379-2
000 01300nam0 2200301 450
001 CAL 0120172126309
005 20171211154850.35
010    @a978-7-100-12379-2@b@dCNY43.00
100    @a20170301d2017 em y0chiy50 ea
101 1  @achi@cger@cita
102    @aCN@b110000
105    @ay a 000yy
106    @ar
200 1  @a音乐治疗@Ayin yue zhi liao@f(德) 汉斯-赫尔穆特·德克尔-福格特, (意) 多罗特娅·欧伯格斯巴赫, (德) 托尼斯·蒂默曼著@g彭小贞译
210    @a北京@c商务印书馆@d2017.01
215    @a424页@c@d21cm
314    @a汉斯-赫尔穆特·德克尔-福格特, 德国人, 教授, 博士。多罗特娅·欧伯格斯巴赫, 意大利人, 博士, 资深音乐治疗师及心理治疗师。托尼斯·蒂默曼, 德国人, 教授, 博士。
320    @a有书目
330    @a这是一本理论与实践相结合的音乐治疗基础教程。书中详尽地呈现了音乐治疗的基础理论、治疗技巧和临床应用, 重点阐释了情境、作用因素、临床使用症状、乐器等。
606 0  @a音乐疗法@Ayin yue liao fa
690    @aR454.3@v5
701  1 @a德克尔-福格特@Ade ke er - fu ge te@g(Decker-Voigt, Hans-Helmut)@4著
701  1 @a欧伯格斯巴赫@Aou bo ge si ba he@g(Oberegelsbacher, Dorothea)@4著
701  1 @a蒂默曼@Adi mo man@g(Timmermann, Tonius)@4著
702  0 @a彭小贞@Apeng xiao zhen@4译
801  0 @aCN@b人天书店@c20170301@g
905    @aBZT@dR454.3@e3
906    @dCNY43.00@n3@r1
    
    音乐治疗/(德) 汉斯-赫尔穆特·德克尔-福格特, (意) 多罗特娅·欧伯格斯巴赫, (德) 托尼斯·蒂默曼著/彭小贞译.-北京:商务印书馆,2017.01
    424页;21cm
    
    
    ISBN 978-7-100-12379-2:CNY43.00
    这是一本理论与实践相结合的音乐治疗基础教程。书中详尽地呈现了音乐治疗的基础理论、治疗技巧和临床应用, 重点阐释了情境、作用因素、临床使用症状、乐器等。
●
相关链接 在五车中查询图书 在当当中查询图书 在豆瓣中查询图书


正题名:音乐治疗     索取号:R454.3/3         预约/预借

序号 登录号 条形码 馆藏地/架位号 状态 备注
1 835627   2000835627   第二书库/ [索取号:R454.3/3] 在馆    
2 835628   2000835628   第二书库/ [索取号:R454.3/3] 在馆    
3 835629   2000835629   第二书库/ [索取号:R454.3/3] 在馆    
山东省滨州职业学院图书馆 欢迎您!
大连网信软件有限公司© 版权所有